Score 0/20 Timer 02:00
0 Plays Today
Agatha Christie Title Missing Word % Correct
Murder on the ___ ExpressOrient
97.8%
And Then There Were ___None
95.7%
Five ___ PigsLittle
94%
Death on the ___Nile
92.7%
___ in MesopotamiaMurder
91.8%
One, Two, ___ My ShoeBuckle
91.6%
Evil Under the ___Sun
90.5%
Hickory ___ DeathDickory
90.4%
The ___ Crack'd from Side to SideMirror
88%
___ Man's FollyDead
87.6%
Agatha Christie Title Missing Word % Correct
A ___ Full of RyePocket
86.8%
___ in the CloudsDeath
85.1%
The Murder of ___ AckroydRoger
84.8%
The ___ in the LibraryBody
82.1%
Elephants Can ___Remember
80.7%
The ___ of the Blue TrainMystery
74.6%
By the Pricking of My ___Thumbs
73.6%
The Man in the ___ SuitBrown
72.7%
___ Loses a ClientPoirot
69.9%
___ with DeathAppointment
68.3%
Remove Ads.
Support Sporcle.
Get the best of Sporcle when you Go Orange. This ad-free experience offers more features, more stats, and more fun while also helping to support Sporcle. Thank you for becoming a member.

You're not logged in!

Compare scores with friends on all Sporcle quizzes.
OR
Log In

Show Comments

Extras

Top Quizzes Today


Score Distribution

Your Account Isn't Verified!

In order to create a playlist on Sporcle, you need to verify the email address you used during registration. Go to your Sporcle Settings to finish the process.

Report this User

Report this user for behavior that violates our Community Guidelines.

Details: